Famous Nebraskans - Statistics

General Stats
  • This quiz has been taken 55 times
  • The average score is 9 of 29
Answer Stats
Hint Answer % Correct
US President, born in Omaha and moved to Michigan as a boy. Pardoned his predecessor. Gerald Ford
83%
Ultra-wealthy investor, also known as the "Oracle of Omaha" Warren Buffet
75%
Host of "The Tonight Show" Johnny Carson
67%
Hollywood actor and dancer known for his work with Ginger Rogers Fred Astaire
56%
Civil rights activist known for his work with the Nation of Islam Malcolm X
56%
Hollywood actor known for "12 Angry Men" and "Mr. Roberts" Henry Fonda
47%
Hollywood actor known for "The Godfather" and "On The Waterfront" Marlon Brando
47%
Hollywood actress who won Oscars for her lead roles in "Million Dollar Baby" and "Boys Don't Cry" Hilary Swank
44%
Science fiction author and founder of Scientology L. Ron Hubbard
44%
US Army Scout and bison hunter. Popularized a traveling Wild West show Buffalo Bill Cody
36%
Founding member of the "Blue Collar Comedy Tour." Larry The Cable Guy
33%
Hall of Fame pitcher for the St. Louis Cardinals who won 2 World Series titles Bob Gibson
31%
US Vice President known for his implementation of policies against the "Axis of Evil." Dick Cheney
31%
Legendary college football coach and US Congressman Tom Osborne
31%
The "Silver-Tongued Orator" who led the Democratic Party and was a 3-time Presidential Candidate William Jennings Bryan
31%
Author of "My Antonia" and "O, Pioneers!" Willa Cather
28%
Pro football legand at running back for the Chicago Bears Gayle Sayers
25%
Tear-jerking author who's novels like "The Notebook" and "Dear John" have become films Nicholas Sparks
25%
Highly decorated WW1 commander. Only person ever awarded "General of the Armies" title after George Washington. John J. Pershing
19%
Oglala / Lakota warrior who famously led the attack against General Custer Crazy Horse
17%
Hollywood actor nomiated for Oscars in "Affliction" and "Warrior." Also has an infamous mugshot. Nick Nolte
17%
Rock and roll frontman known for his song "Indian Reservation" with the Raiders Paul Revere
17%
Ponca Indian chief. First native legally recognized as a person by the US Government Standing Bear
17%
Critically acclaimed film director known for "Citizen Ruth" and "Election" Alexander Payne
14%
Hollywood actress known for "Bring It On" and as a judge on America's Got Talent Gabrielle Union
14%
Hollywood actor known for his work as "Oz" in the "American Pie" series. Chris Klein
11%
Founder of Arbor Day J. Sterling Morton
11%
Hollywood actor known for his 1960's "cool guy" image in films like "Our Man Flint" and "The Great Escape." James Coburn
8%
Pro-wrestling's first major "heel," known for his dyed blonde hair and sequined robes Gorgeous George Wagner
6%
No matching quizzes found
Score Distribution
Percent of People with Each Score
Percentile by Number Answered
Your Score History
You have not taken this quiz